| 000 | 00567nam a22001817a 4500 | ||
|---|---|---|---|
| 005 | 20251108165249.0 | ||
| 008 | 250721s1981 xx 000 0 ara d | ||
| 082 | 1 | 4 | _a823.09/رمس |
| 100 | 1 | _aعوض، رمسيس | |
| 245 | 1 | 0 | _aس . ب . سنو و الثورة العلمية / |
| 264 | 1 |
_aالقاهرة : _bالهيئة المصرية العامة للكتاب، _c1981. |
|
| 300 | _a150ص | ||
| 650 | 1 | 7 | _aالقصص الإنجليزية |
| 650 | 1 | 7 | _aالتاريخ الادبي |
| 650 | 1 | 7 | _aالنقد الادبي |
| 942 |
_2ddc _cBK |
||
| 999 |
_c23567 _d23567 |
||